<?xml version="1.0" encoding="UTF-8"?>
<record
    xmlns:xsi="http://www.w3.org/2001/XMLSchema-instance"
    xsi:schemaLocation="http://www.loc.gov/MARC21/slim http://www.loc.gov/standards/marcxml/schema/MARC21slim.xsd"
    xmlns="http://www.loc.gov/MARC21/slim">

  <leader>01412nam a22002057a 4500</leader>
  <controlfield tag="005">20250703141631.0</controlfield>
  <controlfield tag="008">250627b        |||||||| |||| 00| 0 eng d</controlfield>
  <datafield tag="040" ind1=" " ind2=" ">
    <subfield code="c">AL</subfield>
  </datafield>
  <datafield tag="041" ind1=" " ind2=" ">
    <subfield code="a">Kannada</subfield>
  </datafield>
  <datafield tag="082" ind1=" " ind2=" ">
    <subfield code="a">737.495487K</subfield>
    <subfield code="b">KHAN</subfield>
  </datafield>
  <datafield tag="100" ind1=" " ind2=" ">
    <subfield code="a">H Khandobarao</subfield>
    <subfield code="9">217034</subfield>
  </datafield>
  <datafield tag="100" ind1=" " ind2=" ">
    <subfield code="9">216757</subfield>
    <subfield code="b"> &#xC8E;&#xC9A;&#xCCD; &#xC96;&#xC82;&#xCA1;&#xCCB;&#xCAC;&#xCB0;&#xCBE;&#xCB5;&#xCCD;  </subfield>
  </datafield>
  <datafield tag="245" ind1=" " ind2=" ">
    <subfield code="a">Naanya Karnataka </subfield>
    <subfield code="b">&#xCA8;&#xCBE;&#xCA3;&#xCCD;&#xCAF; &#xC95;&#xCB0;&#xCCD;&#xCA8;&#xCBE;&#xC9F;&#xC95; </subfield>
  </datafield>
  <datafield tag="260" ind1=" " ind2=" ">
    <subfield code="a">Shimoga</subfield>
    <subfield code="b">Magar Publications</subfield>
    <subfield code="c">2002</subfield>
  </datafield>
  <datafield tag="300" ind1=" " ind2=" ">
    <subfield code="a">288p.</subfield>
    <subfield code="b">HB</subfield>
    <subfield code="c">21.5x13.5cm.</subfield>
  </datafield>
  <datafield tag="365" ind1=" " ind2=" ">
    <subfield code="b">&#x20B9;300.00</subfield>
    <subfield code="c">&#x20B9;</subfield>
    <subfield code="d">&#x20B9;300.00</subfield>
  </datafield>
  <datafield tag="520" ind1=" " ind2=" ">
    <subfield code="a">&#xCA8;&#xCBE;&#xCA3;&#xCCD;&#xCAF; &#xC95;&#xCB0;&#xCCD;&#xCA8;&#xCBE;&#xC9F;&#xC95; : &#xCB5;&#xCB8;&#xCCD;&#xCA4;&#xCC1; &#xCB5;&#xCBF;&#xCA8;&#xCBF;&#xCAE;&#xCAF;&#xCA6;&#xCBF;&#xC82;&#xCA6; &#xC95;&#xCCD;&#xCB0;&#xCBF; &#xCB6; 2000&#xCA6;&#xCB5;&#xCB0;&#xCC6;&#xC97;&#xCC6;, '&#xCB9;&#xCA3;', '&#xCA6;&#xCC1;&#xCA1;&#xCCD;&#xCA1;&#xCC1;' &#xC85;&#xCA5;&#xCB5;&#xCBE; '&#xCA8;&#xCBE;&#xCA3;&#xCCD;&#xCAF;' &#xCAE;&#xCBE;&#xCA8;&#xCB5; &#xC9C;&#xCC0;&#xCB5;&#xCA8;&#xCA6; &#xC85;&#xCB5;&#xCBF;&#xCAD;&#xCBE;&#xC9C;&#xCCD;&#xCAF; &#xC85;&#xC82;&#xC97;. &#xC87;&#xCA6;&#xCC1; &#xCAA;&#xCCD;&#xCB0;&#xCBE;&#xCB0;&#xC82;&#xCAD;&#xCA6;&#xCBF;&#xC82;&#xCA6;&#xCB2;&#xCC2; &#xC87;&#xCB5;&#xCA8; &#xCAC;&#xCBE;&#xCB3;&#xCB8;&#xC82;&#xC97;&#xCBE;&#xCA4;&#xCBF;&#xCAF;&#xCBE;&#xC97;&#xCBF; &#xCAC;&#xCC6;&#xCB3;&#xCB5;&#xCA3;&#xCBF;&#xC97;&#xCC6;&#xCAF; &#xC8F;&#xCB3;&#xCC1;-&#xCAC;&#xCC0;&#xCB3;&#xCC1;&#xC97;&#xCB3;&#xCB2;&#xCCD;&#xCB2;&#xCBF; &#xCB8;&#xCB9;&#xC95;&#xCB0;&#xCBF;&#xCB8;&#xCBF;&#xCA6; &#xCB8;&#xCBE;&#xCA7;&#xCA8;. &#xCAE;&#xCBE;&#xCA8;&#xCB5;&#xCA8; &#xCAC;&#xCC7;&#xCA1;&#xCBF;&#xC95;&#xCC6;&#xC97;&#xCB3;&#xCC1; &#xCB9;&#xCC6;&#xC9A;&#xCCD;&#xC9A;&#xCBF;&#xCA6;&#xC82;&#xCA4;&#xCC6; &#xCAA;&#xCB0;&#xCBF;&#xCA3;&#xCBE;&#xCAE;&#xC95;&#xCBE;&#xCB0;&#xCBF; &#xCAE;&#xCBE;&#xCA7;&#xCCD;&#xCAF;&#xCAE;&#xCA6; &#xC85;&#xCB5;&#xCBF;&#xCB7;&#xCCD;&#xC95;&#xCBE;&#xCB0; &#xC85;&#xCA8;&#xCBF;&#xCB5;&#xCBE;&#xCB0;&#xCCD;&#xCAF;&#xCB5;&#xCBE;&#xC97;&#xCBF; &#xCA8;&#xCBE;&#xCA3;&#xCCD;&#xCAF;&#xCA6; &#xC89;&#xC97;&#xCAE;&#xCB5;&#xCBE;&#xCAF;&#xCBF;&#xCA4;&#xCC1;. &#xCA8;&#xC82;&#xCA4;&#xCB0; &#xC87;&#xCA6;&#xCC1; &#xC87;&#xCA4;&#xCBF;&#xCB9;&#xCBE;&#xCB8;&#xCA6; &#xC85;&#xCA7;&#xCBF;&#xC95;&#xCC3;&#xCA4; &#xCAE;&#xCC2;&#xCB2;&#xCBE;&#xCA7;&#xCBE;&#xCB0;&#xCB5;&#xCC2; &#xC86;&#xCAF;&#xCBF;&#xCA4;&#xCC1;. </subfield>
  </datafield>
  <datafield tag="650" ind1=" " ind2=" ">
    <subfield code="a">Numismatics</subfield>
    <subfield code="9">216758</subfield>
  </datafield>
  <datafield tag="942" ind1=" " ind2=" ">
    <subfield code="2">ddc</subfield>
    <subfield code="c">DB</subfield>
  </datafield>
  <datafield tag="999" ind1=" " ind2=" ">
    <subfield code="c">234555</subfield>
    <subfield code="d">234555</subfield>
  </datafield>
  <datafield tag="952" ind1=" " ind2=" ">
    <subfield code="0">0</subfield>
    <subfield code="1">0</subfield>
    <subfield code="2">ddc</subfield>
    <subfield code="4">0</subfield>
    <subfield code="7">0</subfield>
    <subfield code="8">KAN</subfield>
    <subfield code="a">AL</subfield>
    <subfield code="b">AL</subfield>
    <subfield code="d">2025-06-27</subfield>
    <subfield code="g">300.00</subfield>
    <subfield code="l">0</subfield>
    <subfield code="o">737.495487K KHAN</subfield>
    <subfield code="p">D06337</subfield>
    <subfield code="r">2025-06-27 15:01:10</subfield>
    <subfield code="v">300.00</subfield>
    <subfield code="w">2025-06-27</subfield>
    <subfield code="y">DB</subfield>
    <subfield code="z">Donated by Patha Darshini Seva Trust (R)</subfield>
  </datafield>
</record>
